[Event "Regionalliga SO 0910"]
[Site "Bayern"]
[Date "2010.04.11"]
[Round "9.7"]
[White "Endthaler, Arnold"]
[Black "Wolf, Dietrich Hans"]
[Result "0-1"]
[WhiteElo "1967"]
[BlackElo "1947"]
[PlyCount "50"]
[EventDate "2009.10.18"]
[EventType "team-tourn"]
[EventRounds "9"]
[EventCountry "GER"]
[SourceTitle "EXT 2011"]
[Source "ChessBase"]
[SourceDate "2010.11.26"]
[SourceVersion "1"]
[SourceVersionDate "2010.11.26"]
[SourceQuality "1"]
[WhiteTeam "Trostberg"]
[BlackTeam "Freising"]
[WhiteTeamCountry "GER"]
[BlackTeamCountry "GER"]

1. e4 c5 2. Nf3 d6 3. d4 cxd4 4. Nxd4 Nf6 5. Nc3 a6 6. Bg5 e6 7. f4 Be7 8. Qf3 Nbd7 9. 0-0-0 Qc7 10. Bd3 0-0 11. Kb1 b5 12. Rhe1 b4 13. Nce2 Bb7 14. Qh3 Rfe8 15. Bxf6 Nxf6 16. Ng3 g6 17. f5 exf5 18. exf5 Bf8 19. fxg6 hxg6 20. Rf1 Ne4 21. Qh4 d5 22. Qg4 Bg7 23. Nge2 Qb6 24. Qd7 f5 25. Bxe4 Rxe4 0-1

[Event "AUT-chT2W 0910"]
[Site "Austria"]
[Date "2009.11.27"]
[Round "4.6"]
[White "Froewis, Annika"]
[Black "Endthaler, Arnold"]
[Result "1/2-1/2"]
[WhiteElo "1933"]
[BlackElo "2057"]
[PlyCount "88"]
[EventDate "2009.10.23"]
[EventType "team-tourn"]
[EventRounds "11"]
[EventCountry "AUT"]
[SourceTitle "CBM 133 Extra"]
[Source "ChessBase"]
[SourceDate "2010.01.05"]
[SourceVersion "1"]
[SourceVersionDate "2010.01.05"]
[SourceQuality "1"]
[WhiteTeam "Bregenz"]
[BlackTeam "Salzburg Sued"]
[WhiteTeamCountry "AUT"]
[BlackTeamCountry "AUT"]

1. e4 c5 2. Nf3 d6 3. d4 cxd4 4. Nxd4 Nf6 5. Nc3 a6 6. Be3 e5 7. Nb3 Be7 8. f3 Be6 9. Qd2 Qc7 10. g4 Nbd7 11. g5 Nh5 12. Be2 0-0 13. 0-0-0 b5 14. Kb1 Nb6 15. f4 Nxf4 16. Bxf4 exf4 17. Qxf4 Nd7 18. Nd4 Ne5 19. Qg3 Ra7 20. Nd5 Bxd5 21. exd5 Rc8 22. Bg4 Re8 23. Bf5 Bf8 24. Rhe1 Qc5 25. Nc6 Rae7 26. Nxe7+ Rxe7 27. h4 g6 28. Be4 Bg7 29. c3 a5 30. Qe3 Qc7 31. a3 Qb7 32. b4 axb4 33. cxb4 Nc4 34. Qb3 Qa6 35. Ka2 Be5 36. Bd3 Nb6 37. Bf1 Na4 38. Rc1 Qb7 39. Qd3 Qa7 40. Qf3 Qd4 41. Rc2 Rc7 42. Rf2 Nc3+ 43. Kb3 Nxd5 44. Ka2 Nc3+ 1/2-1/2

[Event "AUT-chT2W 0506"]
[Site "Austria"]
[Date "2005.12.02"]
[Round "3"]
[White "Bertagnolli, Alexander"]
[Black "Endthaler, Arnold"]
[Result "0-1"]
[WhiteElo "2281"]
[BlackElo "2056"]
[PlyCount "54"]
[EventDate "2005.10.08"]
[EventType "team"]
[EventRounds "11"]
[EventCountry "AUT"]
[SourceTitle "EXT 2007"]
[Source "ChessBase"]
[SourceDate "2006.11.23"]
[SourceVersion "1"]
[SourceVersionDate "2006.11.23"]
[SourceQuality "1"]
[WhiteTeam "Woergl"]
[BlackTeam "Inter Sbg Sued"]
[WhiteTeamCountry "AUT"]
[BlackTeamCountry "AUT"]

1. d4 Nf6 2. Nf3 g6 3. g3 Bg7 4. Bg2 0-0 5. 0-0 c6 6. c4 d6 7. Nc3 Nbd7 8. Qc2 e5 9. Rd1 Qe7 10. c5 dxc5 11. dxe5 Nxe5 12. Nxe5 Qxe5 13. Bf4 Qh5 14. Na4 Bf5 15. Qxc5 Qxe2 16. Rd2 Qh5 17. Qe7 Nd5 18. Bxd5 cxd5 19. Rxd5 Qf3 20. Rxf5 gxf5 21. Nc3 Rfe8 22. Qc5 Rad8 23. Rf1 Bd4 24. Qc4 Re1 25. Be3 Rxe3 26. Nb5 Re4 27. Qc2 Bb6 0-1

[Event "AUT-chT2W 0405"]
[Site "Austria"]
[Date "2004.12.05"]
[Round "5.6"]
[White "Endthaler, Arnold"]
[Black "Niedermair, Hannes"]
[Result "0-1"]
[WhiteElo "2088"]
[BlackElo "2094"]
[PlyCount "66"]
[EventDate "2004.10.16"]
[EventType "team-tourn"]
[EventRounds "11"]
[EventCountry "AUT"]
[SourceTitle "EXT 2005"]
[Source "ChessBase"]
[SourceDate "2004.11.15"]
[SourceVersion "1"]
[SourceVersionDate "2004.11.15"]
[SourceQuality "1"]
[WhiteTeam "Salzburg Wuestenrot"]
[BlackTeam "Lustenau"]
[WhiteTeamCountry "AUT"]
[BlackTeamCountry "AUT"]

1. e4 d6 2. d4 g6 3. f4 Nf6 4. Bd3 Bg7 5. Nf3 c5 6. c3 b6 7. 0-0 0-0 8. Qe2 Nc6 9. d5 Nb8 10. c4 a6 11. Nc3 e6 12. e5 Ne8 13. Be4 Ra7 14. Be3 f5 15. Bc2 Nc7 16. Rad1 exd5 17. cxd5 Bb7 18. e6 Qe7 19. a4 Bxc3 20. bxc3 Nxd5 21. Bd2 Nc7 22. Rfe1 Re8 23. Qf2 b5 24. Qg3 Qf6 25. Nh4 Kf8 26. e7+ Rxe7 27. Rxe7 Kxe7 28. Re1+ Kf8 29. Bb3 c4 30. Be3 Ra8 31. Bd4 Qf7 32. Qg5 Nc6 33. Nxg6+ Qxg6 0-1

[Event "AUT-chT2W 9798"]
[Site "Austria"]
[Date "1998.??.??"]
[Round "9"]
[White "Endthaler, Arnold"]
[Black "Dorner, Guenther"]
[Result "0-1"]
[WhiteElo "1935"]
[BlackElo "2110"]
[PlyCount "74"]
[EventDate "1997.??.??"]
[EventType "team"]
[EventRounds "11"]
[EventCountry "AUT"]
[SourceTitle "EXT 1999"]
[Source "ChessBase"]
[SourceDate "1998.11.16"]
[SourceVersion "1"]
[SourceVersionDate "1998.11.16"]
[SourceQuality "1"]

1. e4 c5 2. b3 Nc6 3. Bb2 e5 4. Nf3 d6 5. Bb5 Nge7 6. Nc3 Bd7 7. Qe2 a6 8. Bxc6 Nxc6 9. 0-0-0 Qa5 10. Kb1 Be7 11. Nd5 Nb4 12. Nxb4 Qxb4 13. c3 Qb5 14. Qxb5 axb5 15. d4 f6 16. Rd2 Bc6 17. Re1 0-0 18. Ng1 Rfd8 19. dxc5 dxc5 20. Rxd8+ Rxd8 21. Kc2 Kf7 22. f3 b4 23. Rd1 Rxd1 24. Kxd1 bxc3 25. Bxc3 b5 26. Ne2 b4 27. Bb2 Bb5 28. a3 c4 29. bxc4 Ba4+ 30. Kd2 bxa3 31. Bc3 Ke6 32. Nc1 Bc5 33. Kd3 h5 34. Be1 g6 35. Bd2 f5 36. Be3 fxe4+ 37. Kxe4 Bc2+ 0-1

[Event "AUT-chT2W 9798"]
[Site "Austria"]
[Date "1997.??.??"]
[Round "5"]
[White "Endthaler, Arnold"]
[Black "Hillgarter, Christoph"]
[Result "1-0"]
[WhiteElo "1935"]
[BlackElo "1990"]
[PlyCount "91"]
[EventDate "1997.??.??"]
[EventType "team"]
[EventRounds "11"]
[EventCountry "AUT"]
[SourceTitle "EXT 1999"]
[Source "ChessBase"]
[SourceDate "1998.11.16"]
[SourceVersion "1"]
[SourceVersionDate "1998.11.16"]
[SourceQuality "1"]

1. e4 e5 2. f4 Qh4+ 3. g3 Qe7 4. fxe5 d6 5. exd6 Qxe4+ 6. Qe2 Qxe2+ 7. Nxe2 Bxd6 8. Bg2 Nf6 9. 0-0 c6 10. d3 Bg4 11. Nbc3 Nbd7 12. Bf4 Bxf4 13. Nxf4 0-0 14. h3 Bh5 15. g4 Bg6 16. Rae1 Rae8 17. b4 h5 18. Nxg6 fxg6 19. g5 Nh7 20. Rxf8+ Kxf8 21. Rxe8+ Kxe8 22. h4 a6 23. a4 Kd8 24. b5 Kc7 25. d4 Nb6 26. a5 Nc4 27. bxa6 bxa6 28. Bf1 Nxa5 29. Bxa6 Nf8 30. Kf2 Ne6 31. Ke3 Kd7 32. Bd3 Nf8 33. Ne2 Ke7 34. Nf4 Kf7 35. c4 Nb7 36. d5 cxd5 37. cxd5 Nd6 38. Kd4 Nb7 39. Bb1 Nd6 40. Bd3 Nb7 41. Bc2 Nd6 42. Kc5 Ke7 43. Kc6 Nc4 44. Kc7 Nd6 45. Bxg6 Nb5+ 46. Kb6 1-0